000 00712cab a2200217 4500
001 WB3435-03
008 090401t1998 xxu||||| |||| 00| 0 eng d
035 _a(Sirsi) u88545
041 _aeng
245 _aClean contractors
260 _c1998
350 _a0
490 _aContract Journal
_v395(6193) 16 September 1998, 4(1)
520 _aContractors may soon have to join the Considerate Contractors Scheme if they want to win local auhtority construction work according to the Local Government Association.
650 _aCONSIDERATE CONTRACTORS SCHEME
650 _aLOCAL GOVERNMENT ASSOCIATION
650 _aTENDER DOCUMENTS
690 _aBUILT ENVIRONMENT
942 _n0
948 _c17/09/1998
999 _c55955
_d55955